| 000 | 00000nam##2200000za#4500 |
| 001 | 9.613319 |
| 003 | CaOODSP |
| 005 | 20211126112846 |
| 007 | ta |
| 008 | 150406|1996||||xxc||||| f|0| 0 eng|d |
| 020 | |a0-662-25019-2 |
| 022 | |a1192-5434 |
| 040 | |aCaOODSP|beng |
| 043 | |an-cn--- |
| 086 | 1 |aFB3-2/96-11E |
| 110 | 2 |aBank of Canada. |
| 245 | 10|aAvoiding the pitfalls: can regime-switching tests detect bubbles? / |cby Simon van Norden and Robert Vigfusson. |
| 260 | |aOttawa - Ontario : |bBank of Canada |c1996. |
| 300 | |a25p. : |bgraphs, tables ; |c28 cm. |
| 490 | 1 |aWorking paper|x1192-5434|v96-11 |
| 500 | |aContents: Introduction.--Tests for rational speculative bubbles.--Experimental design.--Monte Carlo results.--Conclusions.--Bibliography. |
| 504 | |aBibliography. |
| 546 | |aRésumés en français |
| 563 | |aSoftcover |
| 590 | |a96-39|b1996-09-27 |
| 690 | 07|aEconomy|2gcpds |
| 720 | 1 |aVigfusson, Robert |
| 720 | 1 |aLalonde, René |
| 776 | 0#|tAvoiding the pitfalls : |w(CaOODSP)9.571642 |
| 830 | #0|aWorking paper,|x1192-5434|v96-11|w(CaOODSP)9.514622 |